000 00470cam a2200181 4500
001 D3182
008 090401t1979 xxu||||| |||| 00| 0 eng d
035 _a(Sirsi) u72179
041 _aeng
050 _a757.03
110 _aDictionary of British Portraiture
_93274
245 _aVol.2. compiled by Elaine Kilmurray
260 _aLondon
_bB T Batsford in association with the Nat
_c1979
300 _a230p. 25cm
350 _a25
942 _n0
948 _c04/03/1997
999 _c95487
_d95487